000 01130cad a22002655a 4500
001 E150811
008 100907s2010 xxk s000 0 eng u
020 _a9780755995141
035 _a(Sirsi) u150811
041 _aeng
050 0 4 _a711.1
110 _aScotland
_bScottish Government
_95344
245 0 0 _aPlanning advice note PAN 3/2010
_bcommunity engagement
_h[electronic resource]
260 _aEdinburgh
_bScottish Government
_c2010
490 _aPlanning Advice Note
_v(3/2010)
520 _aThe Planning etc (Scotland) Act 2006 increases the opportunities for people to get involved in the planning system. This PAN advises communities on how they can get involved, and offers advice to planning authorities and developers on ways of engaging with communities on planning matters.
521 _aAdvanced
590 _aKA
650 _aPAN3/2010
650 2 4 _aPLANNING ETC. (SCOTLAND) ACT 2006
651 4 _aScotland
_y1999-
690 _aPlanning and development
_96259
856 4 0 _uhttps://www.scotland.gov.uk/Publications/2010/08/30094454/0
_zView the PAN free of charge at www.scotland.gov.uk
942 _n0
999 _c110986
_d110986